000 01013nam a2200265 i 4500
001 bg
245 0 0 _aRocznik statystyczny Województw 2006
_cGłówny Urząd Statystyczny = Statistical Yearbook of the Regions - Poland 2006 / Central Statistical Office ; pod kier. Haliny Kamińskiej.
_h[Dokument elektroniczny] /
246 3 1 _aStatistical Yearbook of the Regions - Poland 2006
250 _aWyd. 6.
260 _aWarszawa :
_bZakład Wydawnictw Statystycznych,
_c2006.
300 _a1 dysk optyczny (CD ROM) :
_bkolor ;
_c12 cm
500 _aTyt. z ekranu tyt.
546 _aMożliwość wyboru jęz. ang., pol.
650 9 _aPolska
_ystan na 2006 r.
650 9 _aGospodarka terenowa
_zPolska
_ystan na 2004 r.
655 _aDokumenty elektroniczne
700 1 _aKamińska, Halina
_eRed.
710 2 _aPolska.
_bGłówny Urząd Statystyczny
022 _a1643-2231
040 _cBPK
041 0 _apoleng
080 _a311.3(438)(083.41)
942 _cCD
008 s pl f |000 0 pol
999 _c41154
_d41154
856 _uhttp://koha.tu.koszalin.pl/cgi-bin/koha/opac-detail.pl?biblionumber=41154
_yKatalog online BPK